000 00586nam a2200169 i 4500
001 34089
003 ES-MaACL
005 20230906154856.0
007 t|
008 030204s1956 sp ||||1| spa d
100 1 _aBlanco Otero, Manuel.
_929276
245 1 0 _aTres diálogos sobre la salud
_b: (En entrevista radiofónica con el Dr. J. Mateo) /
_cManuel Blanco Otero.
260 _aMadrid :
_b[s.n.,
_c1956]
300 _a39 p. ;
_c21 cm.
500 _aEs separata de: Dirección General de Sanidad. Servicios de Sanidad Maternal e Infantil.
852 _aES-MaACL
_j1994-F-17
_bR.39500
999 _c34089
_d34089